Groupes mentionnés dans la page wikipédia du "Post Rock" - Statistiques

Statistiques générales
  • Ce quiz a été pris 3 fois
  • Le résultat moyen est 7 sur 21
Statistiques - réponses
Réponse % Correct
Explosions in the sky
100%
Godspeed You ! Black Emperor
100%
Mono
100%
Bark Psychosis
50%
God Is An Astronaut
50%
Mogwai
50%
Sigur Ros
50%
Slint
50%
This Will Destroy You
50%
Tortoise
50%
Cul de Sac
0%
Disco Inferno
0%
Do Make Say Think
0%
Laika
0%
Moonshake
0%
Pram
0%
Public Images Ltd
0%
Seefeel
0%
Stereolab
0%
Talk Talk
0%
The Velvet Underground
0%
Aucun quiz correspondant
Distribution des résultats
% des personnes avec chaque résultat
Percentile par nombre de réponses
Votre historique - résultats
Vous n’avez pas pris ce quiz